|
|
|
|
| LEADER |
00792nam a22002292a 4500 |
| 001 |
001754173 |
| 003 |
CZ BrMZK |
| 005 |
20240423140107.0 |
| 007 |
ta |
| 008 |
200615s1961 ru a er|||||||||||rus d |
| 040 |
|
|
|a ABA001
|b cze
|c ABA001
|d ABA001
|d BOA001
|
| 041 |
1 |
|
|a rus
|h eng
|
| 100 |
1 |
|
|a Highbee, Edward
|4 aut
|
| 245 |
1 |
0 |
|a Geografija sel‘skogo chozjajstva SSA /
|c Edward Highbee ; perevod s angl. V.M. Gochmana
|
| 260 |
|
|
|a Moskva :
|b Izdatel‘stvo inostrannoj literatury,
|c 1961
|
| 300 |
|
|
|a 367 s. :
|b il.
|
| 700 |
1 |
|
|a Gochman, Veniamin Maksovič,
|d 1918-1986
|7 mzk20241223738
|4 trl
|
| 765 |
0 |
|
|t American Agriculture
|9 Rusky
|
| 910 |
|
|
|a BOA001
|b 3-0470.129
|
| 990 |
|
|
|a BK
|
| 991 |
|
|
|b 202006
|
| 996 |
7 |
|
|b 2618886729
|c 3-0470.129
|l MZK
|r Sklad / do 1 hodiny
|n 0
|w 001808330
|u 000010
|a 1
|e BOA001
|j MZK50
|s A
|